000 00671nam a2200193Ia 4500
003 GCL
008 140319s9999 xx 000 0 ara d
040 _aGCL /
_cGCL
082 0 4 _a922.58
_bم ا
100 1 _aمصطفى الشكعة
245 1 0 _aالائمة الاربعة /
_cمصطفى الشكعة
260 _a[S.N] :
_bدار الكتاب المصرى
490 _a
650 0 4 _aالشافعى محمد بن ادريس
650 0 4 _aمالك بن انس
650 0 4 _aابوحنيفة النعمان
650 0 4 _aابن حنبل: ابوعبدالله احمد بن محمد بن هلال بن اسد بن ادريس الشيبانى
942 _2ddc
_cBK
999 _c54818
_d54818